Name Any Animal in ABC order Quiz Stats

 Plays Quiz not verified by Sporcle

Challenge
Share
Tweet
Embed
Score 0/26 Timer 08:00
0 Plays Today
% Correct
Any animal that begins with 'A'
93.3%
60%
56.7%
53.3%
50%
50%
43.3%
43.3%
43.3%
43.3%
43.3%
43.3%
43.3%
% Correct
43.3%
43.3%
43.3%
43.3%
43.3%
43.3%
43.3%
43.3%
43.3%
43.3%
43.3%
43.3%
43.3%

You're not logged in!

Compare scores with friends on all Sporcle quizzes.
OR
Log In

You Might Also Like...

Show Comments

Extras

Created Oct 19, 2010ReportNominate
Tags:Animal Quiz, abc, order

Top Quizzes Today


Score Distribution

Your Account Isn't Verified!

In order to create a playlist on Sporcle, you need to verify the email address you used during registration. Go to your Sporcle Settings to finish the process.

Report this User

Report this user for behavior that violates our Community Guidelines.

Details: